| 000 | 00435nam a2200193Ia 4500 | ||
|---|---|---|---|
| 008 | 170918s9999 xx 000 0 und d | ||
| 020 | _a9780545591737 | ||
| 050 | _bG313 2013 | ||
| 100 | _aGeist, Ellen | ||
| 245 | _aAt work / | ||
| 245 | _cby Ellen Geist. | ||
| 260 | _aNew York : | ||
| 260 | _bScholastic, | ||
| 260 | _c2013 | ||
| 300 | _a9 pages : | ||
| 300 | _bcolored illustration ; | ||
| 300 | _c20cm. | ||
| 500 | _aBR | ||
| 999 |
_c343198 _d343198 |
||